| 000 | 00818nam a22001815i 4500 | ||
|---|---|---|---|
| 001 | 162611 | ||
| 003 | ES-MaACL | ||
| 005 | 20230906212550.0 | ||
| 008 | 990324s1864 sp |||| | spa d | ||
| 080 | _a349.2(460):62/69 | ||
| 080 | _a349.2(460):72 | ||
| 245 | 0 | 4 |
_aLas profesiones libres y las carreras del Estado : _bapuntes sobre el deslinde de atribuciones mandado hacer por Real Orden de 25 de febrero de 1863 entre los arquitectos e ingenieros de varias clases. |
| 260 |
_aMadrid : _b[s.n.], _c1864 ( _fImp. de la Viuda de J.C. de la Peña) |
||
| 300 |
_a41 p. ; _c20 cm. |
||
| 650 | 4 |
_aIngenieros- _xEstatuto jurídico- _zEspaña. _9172553 |
|
| 650 | 4 |
_aArquitectos- _xEstatuto jurídico- _zEspaña. _9172554 |
|
| 852 | 4 |
_aES-MaACL _jT-74-F-17 _z- Enc. hol., falto de cub. original _z- Enc. en un vol. facticio |
|
| 999 |
_c162611 _d162611 |
||